| 000 -LEADER |
| fixed length control field |
00798nam a2200265 i 4500 |
| 001 - CONTROL NUMBER |
| control field |
3639 |
| 003 - CONTROL NUMBER IDENTIFIER |
| control field |
BD-DhUAP |
| 005 - DATE AND TIME OF LATEST TRANSACTION |
| control field |
20201207125104.0 |
| 008 - FIXED-LENGTH DATA ELEMENTS--GENERAL INFORMATION |
| fixed length control field |
201207s20082004ii a b 001 0 eng |
| 020 ## - INTERNATIONAL STANDARD BOOK NUMBER |
| International Standard Book Number |
072167335X |
| 020 ## - INTERNATIONAL STANDARD BOOK NUMBER |
| International Standard Book Number |
0808921797 |
| 040 ## - CATALOGING SOURCE |
| Original cataloging agency |
DNLM/DLC |
| Language of cataloging |
eng |
| Transcribing agency |
DLC |
| Modifying agency |
BD-DhUAP |
| 082 00 - DEWEY DECIMAL CLASSIFICATION NUMBER |
| Edition number |
23 |
| Classification number |
616.07 ROB |
| 245 00 - TITLE STATEMENT |
| Title |
Robbins Pathologic basis of disease / |
| Statement of responsibility, etc. |
edited by Ramzi S. Cotran, Vinay Kumar and Tucker Collins. |
| 250 ## - EDITION STATEMENT |
| Edition statement |
6th ed. |
| 260 ## - PUBLICATION, DISTRIBUTION, ETC. |
| Place of publication, distribution, etc. |
Singapore : |
| Name of publisher, distributor, etc. |
Harcourt Asia Pte. Ltd., |
| Date of publication, distribution, etc. |
c1999 [Reprinted 2000]. |
| 300 ## - PHYSICAL DESCRIPTION |
| Extent |
xv, 1425 pages : |
| Other physical details |
illustrations ; |
| Dimensions |
27 cm. |
| 500 ## - GENERAL NOTE |
| General note |
Includes index. |
| 650 #0 - SUBJECT ADDED ENTRY--TOPICAL TERM |
| Topical term or geographic name entry element |
Pathology. |
| 650 12 - SUBJECT ADDED ENTRY--TOPICAL TERM |
| Topical term or geographic name entry element |
Pathologic Processes. |
| 700 ## - ADDED ENTRY--PERSONAL NAME |
| Personal name |
Cotran, Ramzi S. |
| 700 ## - ADDED ENTRY--PERSONAL NAME |
| Personal name |
Kumar, Vinay. |
| 700 ## - ADDED ENTRY--PERSONAL NAME |
| Personal name |
Collins, Tucker. |
| 942 ## - ADDED ENTRY ELEMENTS (KOHA) |
| Source of classification or shelving scheme |
|
| Koha item type |
Book |